Withdrawal symptoms (Record no. 66343)
[ view plain ]
| 000 -LEADER | |
|---|---|
| fixed length control field | 01391cam a2200253 4500 |
| 001 - CONTROL NUMBER | |
| control field | ABS63731 |
| 008 - FIXED-LENGTH DATA ELEMENTS--GENERAL INFORMATION | |
| fixed length control field | 000000n2001 000 0 eng u |
| 035 ## - SYSTEM CONTROL NUMBER | |
| System control number | (Sirsi) u111357 |
| 100 ## - MAIN ENTRY--PERSONAL NAME | |
| Personal name | Stevens, D. |
| 245 ## - TITLE STATEMENT | |
| Title | Withdrawal symptoms |
| 260 ## - PUBLICATION, DISTRIBUTION, ETC. | |
| Date of publication, distribution, etc. | 2001 |
| 490 ## - SERIES STATEMENT | |
| Series statement | Estates Gazette |
| Volume/sequential designation | (0109) 3 March 2001, 224(1) |
| 520 ## - SUMMARY, ETC. | |
| Summary, etc. | The Landlord and Tenant Act 1954 Part II provides business tenants with some measure of security of tenure. Thus landlords are often keen to avoid granting a lease within this Act. Looks at ways in which security of tenure can be avoided. These include arranging for the lease to be contracted out of the relevant 1954 Act provisions. Notes that contracting-out orders are generally made by the county court that covers the area where the tenant lives, or in which the property is situated. Warns that care should be taken when considering variations to the contracted-out lease after it has been granted. |
| 590 ## - LOCAL NOTE (RLIN) | |
| Local note | ABS |
| 650 ## - SUBJECT ADDED ENTRY--TOPICAL TERM | |
| Topical term or geographic name entry element | LANDLORD AND TENANT ACT 1954 PART II |
| 650 ## - SUBJECT ADDED ENTRY--TOPICAL TERM | |
| Topical term or geographic name entry element | SECURITY OF TENURE |
| 650 ## - SUBJECT ADDED ENTRY--TOPICAL TERM | |
| Topical term or geographic name entry element | BUSINESS LEASES |
| 650 ## - SUBJECT ADDED ENTRY--TOPICAL TERM | |
| Topical term or geographic name entry element | CONTRACTING OUT |
| 650 ## - SUBJECT ADDED ENTRY--TOPICAL TERM | |
| Topical term or geographic name entry element | ST GILES HOTEL LTD V MICROWORLD TECHNOLOGY LTD |
| 650 ## - SUBJECT ADDED ENTRY--TOPICAL TERM | |
| Topical term or geographic name entry element | RECEIVER FOR THE METROPOLITAN POLICE DISTRICT V PALACEGATE PROPERTIES LTD |
| 650 ## - SUBJECT ADDED ENTRY--TOPICAL TERM | |
| Topical term or geographic name entry element | FRIENDS PROVIDENT LIFE OFFICE V BRITISH RAILWAYS BOARD |
| 690 ## - LOCAL SUBJECT ADDED ENTRY--TOPICAL TERM (OCLC, RLIN) | |
| Topical term or geographic name as entry element | LANDLORD AND TENANT-LEASES |
| 942 ## - ADDED ENTRY ELEMENTS (KOHA) | |
| Suppress in OPAC | 0 |
| Withdrawn status | Lost status | Source of classification or shelving scheme | Damaged status | Not for loan | Home library | Current library | Shelving location | Date acquired | Total Checkouts | Full call number | Barcode | Date last seen | Copy number | Price effective from | Koha item type |
|---|---|---|---|---|---|---|---|---|---|---|---|---|---|---|---|
| Dewey Decimal Classification | London | London | Journal article | 12/03/2001 | ABS63731 | 111357-1001 | 06/08/2019 | 1 | 06/08/2019 | Journal article |